Longest lithuanian rivers - Statistics

General Stats
  • This quiz has been taken 19 times
    15 since last reset
  • The average score is 6 of 10
Answer Stats
Length River % Correct
937km Nemunas
100%
510km Neris
80%
246km Šventoji
60%
346km Venta
60%
173km Dysna
50%
202km Minija
50%
209km Nevėžis
50%
199km Nemunėlis
40%
298km Šešupė
40%
203km Merkys
30%
No matching quizzes found
Score Distribution
Percent of People with Each Score
Percentile by Number Answered
Your Score History
You have not taken this quiz since the last reset